| 000 | 00521nam a22002057a 4500 | ||
|---|---|---|---|
| 005 | 20250405162503.0 | ||
| 008 | 250329b |||||||| |||| 00| 0 eng d | ||
| 020 |
_a9783110770841 _c3586.00 |
||
| 040 | _aMAIN | ||
| 041 | _aGerman | ||
| 082 |
_bBAN _a304.8 |
||
| 100 |
_aBannasch, Bettina _925510 |
||
| 245 | _aExil Flucht Migration | ||
| 260 |
_aBerlin _bDe Gruyter _c2022 |
||
| 300 | _a301 | ||
| 650 | _aGerman Language | ||
| 700 |
_aBischoff, Doerte _925511 |
||
| 700 |
_aDogramaci, Burcu _925512 |
||
| 942 | _cBK | ||
| 999 |
_c59592 _d59592 |
||